Azúcar, sal y miel : (Registro nro. 66068)

Detalles MARC
000 -LEADER
fixed length control field 00544cam a2200181 4500
008 - FIXED-LENGTH DATA ELEMENTS--GENERAL INFORMATION
fixed length control field 090108s2001 mx 000 0 spa u
020 ## - INTERNATIONAL STANDARD BOOK NUMBER
International Standard Book Number 9686608931
050 04 - LIBRARY OF CONGRESS CALL NUMBER
Classification number GV944 .C67
Item number L86 2001
100 1# - MAIN ENTRY--PERSONAL NAME
Personal name Luna Lujano, Benjamín
245 10 - TITLE STATEMENT
Title Azúcar, sal y miel :
Remainder of title medio siglo de futbol en Costa Rica /
Statement of responsibility, etc Benjamín Luna Lujano.
250 ## - EDITION STATEMENT
Edition statement 1a ed.
260 ## - PUBLICATION, DISTRIBUTION, ETC. (IMPRINT)
Place of publication, distribution, etc México :
Name of publisher, distributor, etc Difocur,
Date of publication, distribution, etc 2001
300 ## - PHYSICAL DESCRIPTION
Extent 51 p. :
Other physical details il. ;
Dimensions 28 cm.
506 ## - RESTRICTIONS ON ACCESS NOTE
Terms governing access Rec. Esc.
650 #7 - SUBJECT ADDED ENTRY--TOPICAL TERM
Topical term or geographic name as entry element Futbol
General subdivision Historia
Geographic subdivision Costa Rica
942 ## - ADDED ENTRY ELEMENTS (KOHA)
Source of classification or shelving scheme Biblioteca del Cogreso de los Estados Unidos
Koha item type Libro
Existencias
Estado de pérdida Fuente de clasificación Estado del daño No para préstamo Ubicación permanente Ubicación actual Apartado o colección Fecha de adquisición Edición Dependencia de educación superior (DES) Área del conocimiento Clasificación Código de Barras Date last seen Número de copia Tipo de recurso
  Biblioteca del Cogreso de los Estados Unidos     Biblioteca del Instituto de Investigaciones Históricas Biblioteca del Instituto de Investigaciones Históricas General 14/08/2018 1a ed. Humanidades Ciencias Naturales y Exactas GV944 .C67 L86 2001 IIH000001162 14/08/2018 C:1 Libro